Missing Word: Top Grossing Movies (1993) Quiz Stats

 Plays Quiz Updated Jan 16, 2015

Challenge
Share
Tweet
Embed
Score 0/20 Timer 02:00
0 Plays Today
Movie Missing Word % Correct
Sleepless in _______Seattle
96.5%
_________'_ ListSchindler's
90.7%
Mrs. _________Doubtfire
90.7%
______ the MenaceDennis
89.9%
____ RunningsCool
87.2%
The _______ BriefPelican
83.6%
Dragon: The _____ Lee StoryBruce
80.2%
Indecent ________Proposal
75.9%
________ ParkJurassic
74.3%
___ Shots! Part DeuxHot
71.5%
Movie Missing Word % Correct
Carlito's ___Way
71.5%
____ Action HeroLast
68.6%
Free _____Willy
68.5%
In the ____ of FireLine
64.6%
In the Name of the ______Father
51.8%
Beethoven's ___2nd
43.8%
Rising ___Sun
36%
____ in AmericaMade
30.4%
____ TargetHard
21.5%
A Perfect _____World
9.2%

Today's Daily Dose

You're not logged in!

Compare scores with friends on all Sporcle quizzes.
Join for Free
OR
Log In

You Might Also Like...

Show Comments

Extras

Top Quizzes Today


Score Distribution

Your Account Isn't Verified!

In order to create a playlist on Sporcle, you need to verify the email address you used during registration. Go to your Sporcle Settings to finish the process.

Report this User

Report this user for behavior that violates our Community Guidelines.

Details: